003050000a22001210004500060000800000082002000008100001700028245005000045260003600095260000900131300000800140650003500148 a100 a582.130 438 GOO aGood, Ronald aFeatures of evolution in the flowering plants aNewyork, Dover Publications Inc c1974 a405 aFlowering plants / Angiosperms